[Event "Tradewise Gibraltar AmatWk2"]
[Site "Gibraltar"]
[Date "2018.01.27"]
[Round "1.20"]
[White "Galvan Cipriani, Viviana"]
[Black "Koreywo, Witold"]
[Result "1-0"]
[WhiteElo "1826"]
[BlackElo "1545"]
[PlyCount "81"]
[EventDate "2018.01.27"]
[EventType "swiss"]
[EventRounds "5"]
[EventCountry "GGB"]

1. c4 e5 2. g3 Nf6 3. Bg2 Be7 4. Nc3 d6 5. d3 c6 6. Nf3 O-O 7. O-O a5 8. e4
Nbd7 9. d4 h6 10. Ne1 Nb6 11. b3 Ne8 12. Be3 f5 13. f3 f4 14. Bf2 Bg5 15. Nd3
Nd7 16. Qc2 Qe7 17. Rae1 Nc7 18. gxf4 Bxf4 19. Nxf4 Rxf4 20. Bg3 Rf8 21. dxe5
dxe5 22. f4 exf4 23. Bxf4 Ne6 24. Bg3 Nf6 25. Rd1 Qc5+ 26. Kh1 Qg5 27. Bd6 Re8
28. e5 Ng4 29. Rde1 Nf8 30. Qe2 h5 31. Qf3 Be6 32. h3 Nh6 33. Ne4 Qh4 34. Nc5
Bf5 35. Nxb7 Ne6 36. Qf2 Qxf2 37. Rxf2 Rac8 38. Nxa5 Nd4 39. Bc5 Ne6 40. Be3
Nf7 41. Rxf5 1-0

[Event "Tradewise Gibraltar AmatWk2"]
[Site "Gibraltar"]
[Date "2018.01.27"]
[Round "1.21"]
[White "Ajayi, Ayokanmi"]
[Black "Matto, Manuel"]
[Result "1-0"]
[WhiteElo "1537"]
[BlackElo "1814"]
[PlyCount "95"]
[EventDate "2018.01.27"]
[EventType "swiss"]
[EventRounds "5"]
[EventCountry "GGB"]

1. Nf3 Nf6 2. g3 g6 3. Bg2 Bg7 4. d3 d5 5. Nbd2 Nc6 6. O-O O-O 7. e4 dxe4 8.
dxe4 Bg4 9. h3 Bd7 10. c3 Qc8 11. Kh2 Ne8 12. Qe2 a6 13. a4 Rb8 14. a5 Nd6 15.
e5 Nb5 16. Re1 b6 17. Nb3 bxa5 18. Nxa5 Nxa5 19. Rxa5 c5 20. Bf4 e6 21. Nd2 Bc6
22. Ne4 Bxe4 23. Bxe4 Nc7 24. Rxc5 Rb5 25. Qc4 Rxc5 26. Qxc5 Qd8 27. Re2 Nd5
28. Bxd5 exd5 29. Rd2 Qa8 30. Rxd5 Rc8 31. Qa5 Re8 32. Rd6 Qf3 33. Rd2 g5 34.
Bxg5 Bxe5 35. Qxa6 Bg7 36. Qd3 Qa8 37. b4 h6 38. Be3 Qf3 39. c4 h5 40. Qd5 Rxe3
41. fxe3 Qxe3 42. Rg2 h4 43. Qd8+ Bf8 44. Qxh4 Bxb4 45. Qg4+ Kf8 46. Re2 Qd3
47. Qe4 Bd6 48. Qxd3 1-0

[Event "Tradewise Gibraltar AmatWk2"]
[Site "Gibraltar"]
[Date "2018.01.27"]
[Round "1.22"]
[White "Dennis, Nigel W"]
[Black "Jackson, Paul R"]
[Result "1/2-1/2"]
[WhiteElo "1804"]
[BlackElo "1503"]
[PlyCount "60"]
[EventDate "2018.01.27"]
[EventType "swiss"]
[EventRounds "5"]
[EventCountry "GGB"]

1. e4 d5 2. exd5 Qxd5 3. Nc3 Qd8 4. d4 Nf6 5. Nf3 Bg4 6. Be2 e6 7. O-O Be7 8.
h3 Bxf3 9. Bxf3 c6 10. Be3 O-O 11. a3 Nbd7 12. Qd2 Nd5 13. Nxd5 cxd5 14. Rfc1
Nb6 15. b3 Rc8 16. a4 Bf6 17. Bf4 Be7 18. c4 Qd7 19. c5 Na8 20. Qc3 Bd8 21. b4
Bc7 22. Bxc7 Rxc7 23. b5 Rfc8 24. Qb2 e5 25. dxe5 Rxc5 26. Rxc5 Rxc5 27. Qd4 b6
28. Ra3 Nc7 29. Bg4 Ne6 30. Qd2 Qc7 1/2-1/2

[Event "Tradewise Gibraltar AmatWk2"]
[Site "Gibraltar"]
[Date "2018.01.27"]
[Round "1.23"]
[White "Jimenez Urquijo, Juan Manuel"]
[Black "Anjali, R. Sagar"]
[Result "1-0"]
[WhiteElo "1496"]
[BlackElo "1792"]
[PlyCount "103"]
[EventDate "2018.01.27"]
[EventType "swiss"]
[EventRounds "5"]
[EventCountry "GGB"]

1. d4 Nf6 2. c4 g6 3. Nc3 Bg7 4. e4 d6 5. Nf3 O-O 6. Be2 e5 7. dxe5 dxe5 8.
Qxd8 Rxd8 9. Nd5 Nxd5 10. cxd5 c6 11. Bc4 cxd5 12. Bxd5 h6 13. Bd2 Nc6 14. Bxc6
bxc6 15. Bc3 Ba6 16. Nd2 Bd3 17. f3 f6 18. Rc1 Rab8 19. Nb3 Bf8 20. Kf2 c5 21.
Na5 Rdc8 22. b3 c4 23. Nxc4 Bxc4 24. bxc4 Rxc4 25. Ba1 Rbc8 26. Rxc4 Rxc4 27.
Re1 Bc5+ 28. Kf1 Kf7 29. Bb2 Ke6 30. Rc1 Rxc1+ 31. Bxc1 h5 32. Ke2 f5 33. Be3
Kd6 34. a3 f4 35. Bxc5+ Kxc5 36. Kd3 g5 37. h3 h4 38. Kc3 Kb5 39. Kb3 a6 40.
Kc3 a5 41. Kb3 Kc5 42. Kc3 Kd6 43. Kd2 Ke6 44. Kc3 Kd6 45. Kc4 Kc6 46. a4 Kd6
47. Kb5 Kc7 48. Kc5 Kb7 49. Kb5 Kc7 50. Kxa5 Kc6 51. Kb4 Kb6 52. a5+ 1-0

[Event "Tradewise Gibraltar AmatWk2"]
[Site "Gibraltar"]
[Date "2018.01.27"]
[Round "1.24"]
[White "Bizcocho Mellado, Gregorio"]
[Black "Dias, Marcos Afonso"]
[Result "0-1"]
[WhiteElo "1788"]
[BlackElo "1494"]
[PlyCount "62"]
[EventDate "2018.01.27"]
[EventType "swiss"]
[EventRounds "5"]
[EventCountry "GGB"]

1. e4 c5 2. d3 g6 3. g3 Bg7 4. Bg2 Nc6 5. f4 e6 6. Nf3 Nge7 7. Nc3 b6 8. Ne2
Bb7 9. c3 O-O 10. Be3 Qc7 11. Qc2 Rac8 12. Bd2 Rfd8 13. g4 d5 14. e5 d4 15. c4
f6 16. exf6 Bxf6 17. a3 e5 18. Ng5 Bxg5 19. fxg5 Rf8 20. O-O-O Rf2 21. Bf1 Nb4
22. axb4 Bxh1 23. bxc5 Bf3 24. cxb6 axb6 25. Re1 Bxg4 26. h3 Rcf8 27. Ng3 Nf5
28. Ne4 Ne3 29. Rxe3 dxe3 30. Nxf2 Rxf2 31. Qa4 Rxf1+ 0-1

[Event "Tradewise Gibraltar AmatWk2"]
[Site "Gibraltar"]
[Date "2018.01.27"]
[Round "1.25"]
[White "Dhanwani, Aditya"]
[Black "Longdin, Michael"]
[Result "1/2-1/2"]
[WhiteElo "1484"]
[BlackElo "1787"]
[PlyCount "62"]
[EventDate "2018.01.27"]
[EventType "swiss"]
[EventRounds "5"]
[EventCountry "GGB"]

1. d4 e6 2. e4 d5 3. exd5 exd5 4. Bd3 Nf6 5. Bg5 Be7 6. Nf3 Bg4 7. O-O O-O 8.
Re1 Nc6 9. c3 Qd7 10. Bxf6 Bxf6 11. Nbd2 Rae8 12. Qc2 g6 13. Bb5 Qd6 14. h3 Bf5
15. Qd1 a6 16. Ba4 Re7 17. Rxe7 Qxe7 18. Bxc6 bxc6 19. Qa4 c5 20. Qxa6 cxd4 21.
cxd4 Kg7 22. a3 Rb8 23. b4 Rb6 24. Qf1 Re6 25. Nb3 Re2 26. Re1 Rxe1 27. Qxe1
Qd6 28. Ne5 Qa6 29. Qc1 Bxe5 30. dxe5 Qd3 31. Qg5 Qxb3 1/2-1/2

[Event "Tradewise Gibraltar AmatWk2"]
[Site "Gibraltar"]
[Date "2018.01.27"]
[Round "1.26"]
[White "Lopez Valcarcel, Juan"]
[Black "Kympergr, Vojtech"]
[Result "1-0"]
[WhiteElo "1780"]
[BlackElo "1468"]
[PlyCount "71"]
[EventDate "2018.01.27"]
[EventType "swiss"]
[EventRounds "5"]
[EventCountry "GGB"]

1. e4 d6 2. d4 Nf6 3. Nc3 a6 4. h3 c6 5. a4 Nbd7 6. Nf3 e5 7. Bc4 Nb6 8. Bb3
Qc7 9. a5 Nbd7 10. Ng5 d5 11. O-O exd4 12. Qxd4 Bc5 13. Qd1 h6 14. Nf3 dxe4 15.
Qe2 O-O 16. Nxe4 Nxe4 17. Qxe4 Nf6 18. Qh4 Be7 19. Bf4 Qd8 20. Rfd1 Nd5 21. Qg3
Nxf4 22. Qxf4 Qe8 23. Re1 Be6 24. Qc7 Qd7 25. Qxd7 Bxd7 26. Rxe7 Bc8 27. Ne5
Kh7 28. Bxf7 Bf5 29. Bb3 Rae8 30. Rxe8 Rxe8 31. f4 g5 32. g4 gxf4 33. Re1 Bc8
34. Kf2 h5 35. Bf7 Re7 36. Bxh5 1-0

[Event "Tradewise Gibraltar AmatWk2"]
[Site "Gibraltar"]
[Date "2018.01.27"]
[Round "1.27"]
[White "Raffo, Luis"]
[Black "Murray, J Stephen"]
[Result "0-1"]
[WhiteElo "1395"]
[BlackElo "1771"]
[PlyCount "83"]
[EventDate "2018.01.27"]
[EventType "swiss"]
[EventRounds "5"]
[EventCountry "GGB"]

1. d4 Nf6 2. c4 e6 3. a3 d5 4. e3 Be7 5. Nf3 O-O 6. b4 b6 7. Qc2 c5 8. b5 Bb7
9. Nbd2 Nbd7 10. Bb2 Ne4 11. Bd3 f5 12. O-O Qc7 13. g3 Rae8 14. a4 Bf6 15. Kg2
e5 16. Nb3 Kh8 17. a5 dxc4 18. Bxc4 Ng5 19. Be2 Nxf3 20. Bxf3 Bxf3+ 21. Kxf3
Qb7+ 22. Ke2 exd4 23. a6 Qd5 24. Rad1 Qe6 25. Nc1 dxe3 26. f3 Ne5 27. Nd3 Nc4
28. Bxf6 Rxf6 29. Nf4 Qf7 30. Rd3 Nd2 31. Ra1 g5 32. Nd5 Rh6 33. Qc3+ Kg8 34.
Rh1 Rd6 35. Nxe3 Rxd3 36. Qxd3 Nc4 37. Kf2 Rxe3 38. Qd8+ Re8 39. Qxg5+ Kh8 40.
Qc1 Ne5 41. Qc3 Qa2+ 42. Kg1 0-1

[Event "Tradewise Gibraltar AmatWk2"]
[Site "Gibraltar"]
[Date "2018.01.27"]
[Round "1.28"]
[White "Odiase, Oluwaseun"]
[Black "Smedsrud, Morten S"]
[Result "1-0"]
[WhiteElo "1768"]
[BlackElo "1349"]
[PlyCount "71"]
[EventDate "2018.01.27"]
[EventType "swiss"]
[EventRounds "5"]
[EventCountry "GGB"]

1. c4 c6 2. g3 d5 3. Bg2 Nf6 4. Nf3 e6 5. O-O Be7 6. b3 O-O 7. Bb2 c5 8. cxd5
exd5 9. d4 b6 10. Nc3 Bb7 11. Rc1 Na6 12. Ne5 Rc8 13. e3 Nc7 14. Bh3 Ne6 15.
Re1 Rc7 16. Nb5 Rc8 17. Nxa7 Ra8 18. Nac6 Bxc6 19. Nxc6 Qd6 20. Nxe7+ Qxe7 21.
a4 h5 22. dxc5 Nxc5 23. Bf1 h4 24. Bxf6 Qxf6 25. Qxd5 Rad8 26. Qc4 hxg3 27.
hxg3 Rfe8 28. Red1 Ne4 29. f4 Qb2 30. Rc2 Qf6 31. Rxd8 Qxd8 32. Kg2 Qa8 33. Qc6
Qd8 34. Be2 Kf8 35. Qc4 Nd2 36. Qb4+ 1-0

[Event "Tradewise Gibraltar AmatWk2"]
[Site "Gibraltar"]
[Date "2018.01.27"]
[Round "1.29"]
[White "Lassan, Szabolcs"]
[Black "Kuenitz, Klaus"]
[Result "0-1"]
[WhiteElo "1346"]
[BlackElo "1767"]
[PlyCount "40"]
[EventDate "2018.01.27"]
[EventType "swiss"]
[EventRounds "5"]
[EventCountry "GGB"]

1. d4 f5 2. c4 d6 3. Bf4 Nf6 4. Nc3 g6 5. e3 Bg7 6. Bd3 O-O 7. d5 e5 8. dxe6
Bxe6 9. Nge2 a5 10. Nd4 Bf7 11. Be2 Na6 12. O-O Nc5 13. f3 Nh5 14. Bg3 Nxg3 15.
hxg3 Qg5 16. Kf2 c6 17. f4 Qe7 18. Qd2 Rfe8 19. Bf3 Bxc4 20. Rfe1 Nd3+ 0-1

[Event "Tradewise Gibraltar AmatWk2"]
[Site "Gibraltar"]
[Date "2018.01.27"]
[Round "1.30"]
[White "D'Haluin, Wim"]
[Black "Mahbubani, Arun"]
[Result "1-0"]
[WhiteElo "1764"]
[BlackElo "1288"]
[PlyCount "153"]
[EventDate "2018.01.27"]
[EventType "swiss"]
[EventRounds "5"]
[EventCountry "GGB"]

1. d4 d5 2. Nf3 c5 3. Bf4 Nc6 4. dxc5 h6 5. e3 a6 6. Be2 Nf6 7. c3 Bf5 8. Nd4
Qd7 9. Nxf5 Qxf5 10. Nd2 e5 11. Bg3 Bxc5 12. O-O O-O 13. Rc1 Rad8 14. Qb3 b5
15. a4 Na5 16. Qa2 Nc4 17. Nb3 Ba7 18. Rcd1 bxa4 19. Nd2 Nb6 20. Nf3 Bb8 21.
Bxa6 Ne4 22. Bd3 Qe6 23. Bxe4 dxe4 24. Qxe6 fxe6 25. Nxe5 Bxe5 26. Bxe5 Nc4 27.
Bg3 Nxb2 28. Ra1 Ra8 29. Ra2 Nd3 30. Rfa1 Nc5 31. Ra3 Rf7 32. Bd6 Nb7 33. Bb4
Rd7 34. h4 Nd8 35. Rxa4 Rxa4 36. Rxa4 Nc6 37. Ba3 Rd1+ 38. Kh2 Ra1 39. Rc4 Ne5
40. Rxe4 Nd3 41. Bb4 Nxf2 42. Rxe6 Kf7 43. Rc6 Ng4+ 44. Kg3 Nxe3 45. Bc5 Nd5
46. Bd4 g6 47. Rd6 Ne7 48. Rf6+ Ke8 49. Bc5 Nf5+ 50. Kh3 Rd1 51. Rxg6 Rd3+ 52.
Kg4 Rd5 53. Ba7 h5+ 54. Kh3 Rd3+ 55. g3 Rxc3 56. Rg5 Ne7 57. Rxh5 Ng6 58. Bb8
Kd7 59. Rf5 Rb3 60. Ba7 Ke6 61. Rf2 Ra3 62. Bd4 Ne7 63. Re2+ Kd5 64. Rxe7 Kxd4
65. h5 Kd5 66. Kh4 Kd6 67. Re2 Ra5 68. g4 Kd7 69. h6 Ra8 70. Kh5 Ra5+ 71. g5
Ra8 72. h7 Rh8 73. g6 Kd6 74. Kh6 Rxh7+ 75. Kxh7 Kd5 76. g7 Kc6 77. g8=Q 1-0

[Event "Tradewise Gibraltar AmatWk2"]
[Site "Gibraltar"]
[Date "2018.01.27"]
[Round "1.31"]
[White "Popham, Sarah"]
[Black "Mena Castillo, Luis"]
[Result "1-0"]
[WhiteElo "1238"]
[BlackElo "1756"]
[PlyCount "85"]
[EventDate "2018.01.27"]
[EventType "swiss"]
[EventRounds "5"]
[EventCountry "GGB"]

1. Nf3 c5 2. g3 g6 3. Bg2 Bg7 4. O-O Nf6 5. d3 O-O 6. c4 d5 7. Bf4 Nc6 8. Qc1
Re8 9. Bh6 Bh8 10. cxd5 Nxd5 11. Nc3 Nxc3 12. bxc3 Bg4 13. Qa3 b6 14. Rac1 Rc8
15. Qa4 Qd7 16. Rfe1 e5 17. Nd2 Be6 18. Ne4 f5 19. Ng5 Ne7 20. Qxd7 Bxd7 21. e3
Bc6 22. e4 Rcd8 23. Bf1 Rd6 24. Nf3 Red8 25. Bg5 Re8 26. Nh4 Bg7 27. Bxe7 Rxe7
28. exf5 g5 29. Ng2 h5 30. h4 Bf6 31. hxg5 Bxg5 32. Be2 Bxc1 33. Rxc1 Rh6 34.
Nh4 Rf7 35. d4 Rd7 36. dxe5 b5 37. e6 Rd2 38. Bd1 Kg7 39. Nf3 Rxa2 40. Ne5 Be8
41. Bf3 Rd2 42. Re1 Kf6 43. g4 1-0

[Event "Tradewise Gibraltar AmatWk2"]
[Site "Gibraltar"]
[Date "2018.01.27"]
[Round "1.32"]
[White "Mircov, Nicola-Alexandar"]
[Black "Sagar, Siya"]
[Result "1-0"]
[WhiteElo "1754"]
[BlackElo "1199"]
[PlyCount "61"]
[EventDate "2018.01.27"]
[EventType "swiss"]
[EventRounds "5"]
[EventCountry "GGB"]

1. e4 e5 2. Nf3 Nc6 3. Bc4 Bc5 4. c3 Nf6 5. d4 exd4 6. e5 d5 7. Bb5 Ne4 8. cxd4
Bb6 9. Be3 O-O 10. a3 f6 11. exf6 Qxf6 12. Nc3 Ba5 13. Qb3 Be6 14. O-O Rad8 15.
Bd3 Bb6 16. Qc2 Nxd4 17. Nxd4 Bxd4 18. Bxd4 Qxd4 19. Nxe4 dxe4 20. Bxe4 h6 21.
Bxb7 Rb8 22. Qxc7 Qxb2 23. Rab1 Qa2 24. Qc5 Bc4 25. Rfc1 Bb3 26. Rxb3 Kh8 27.
Qc2 Qxc2 28. Rxc2 Rfe8 29. g3 Re1+ 30. Kg2 Re7 31. Rc8+ 1-0

[Event "Tradewise Gibraltar AmatWk2"]
[Site "Gibraltar"]
[Date "2018.01.27"]
[Round "1.40"]
[White "Valladolid Martin, Francisco Jose"]
[Black "Jain, Anushree"]
[Result "1-0"]
[WhiteElo "1897"]
[BlackElo "1019"]
[PlyCount "71"]
[EventDate "2018.01.27"]
[EventType "swiss"]
[EventRounds "5"]
[EventCountry "GGB"]

1. e4 e5 2. Nf3 Nc6 3. Bb5 Bc5 4. O-O Nge7 5. Nxe5 d6 6. Nxc6 bxc6 7. Bc4 d5 8.
exd5 cxd5 9. Bb3 c6 10. d4 Bb6 11. c3 O-O 12. Bc2 Qd6 13. Qh5 h6 14. Re1 Ng6
15. Bxg6 fxg6 16. Qe5 Re8 17. Qxe8+ Qf8 18. Bf4 Bf5 19. Qxf8+ Rxf8 20. Nd2 g5
21. Bd6 Rf6 22. Re8+ Kf7 23. Re7+ Kg8 24. Be5 Rg6 25. Re1 Bd8 26. Re8+ Kf7 27.
Rxd8 Re6 28. Rd7+ Kf8 29. Bxg7+ Ke8 30. Rxe6+ Bxe6 31. Rxa7 h5 32. g3 g4 33.
Be5 h4 34. Bf6 h3 35. Ra8+ Bc8 36. Rxc8+ 1-0

[Event "Tradewise Gibraltar AmatWk2"]
[Site "Gibraltar"]
[Date "2018.01.28"]
[Round "2.2"]
[White "Laws, Darren C"]
[Black "Galvan Cipriani, Viviana"]
[Result "1/2-1/2"]
[WhiteElo "1895"]
[BlackElo "1826"]
[PlyCount "165"]
[EventDate "2018.01.27"]
[EventType "swiss"]
[EventRounds "5"]
[EventCountry "GGB"]

1. e4 c5 2. Nf3 Nc6 3. Bb5 g6 4. Bxc6 bxc6 5. O-O Bg7 6. c3 Ba6 7. Re1 Bd3 8.
b3 c4 9. bxc4 Bxc4 10. Na3 Ba6 11. Qa4 Qb6 12. Rb1 Bb5 13. Nxb5 cxb5 14. Qxb5
Qd8 15. Ba3 Nh6 16. Qc5 Rc8 17. Qxa7 O-O 18. Rb7 Ra8 19. Qc5 d6 20. Qb4 Re8 21.
Rb1 Bf8 22. Rb3 d5 23. e5 e6 24. Qf4 Bxa3 25. Qxh6 Bf8 26. Qf4 Be7 27. a4 Rc8
28. Nd4 Rf8 29. h3 Bg5 30. Qg4 Bxd2 31. Nxe6 fxe6 32. Qxe6+ Kh8 33. Rd7 Qh4 34.
g3 Qh5 35. Qxd5 Qd1+ 36. Kg2 Qe2 37. Qd4 Qf3+ 38. Kg1 Qd1+ 39. Kh2 Rc4 40. Qa7
Qh5 41. Rbb7 Rh4 42. Rxh7+ Qxh7 43. Rxh7+ Rxh7 44. Qd4 Bg5 45. f4 Bh6 46. c4
Rc7 47. c5 Rfc8 48. h4 Bg7 49. Qe4 Rxc5 50. Qxg6 Rc1 51. h5 Rb8 52. e6 Re1 53.
Qf7 Rf8 54. Qd7 Rf6 55. e7 Rfe6 56. Qd8+ Kh7 57. Qd3+ Kg8 58. Qd8+ Kf7 59. Qd5
Kxe7 60. a5 Ra1 61. f5 Ree1 62. Qc5+ Kf7 63. Qc7+ Kg8 64. Kh3 Re5 65. Qc4+ Kh8
66. a6 Rxf5 67. Qc8+ Rf8 68. Qc6 Rf6 69. Qc8+ Kh7 70. Qc2+ Kg8 71. Qc4+ Kh8 72.
Qc8+ Bf8 73. a7 Rxa7 74. Qc3 Bg7 75. Qe3 Ra5 76. Qe8+ Rf8 77. Qe2 Ra3 78. Qe6
Rff3 79. h6 Rxg3+ 80. Kh2 Ba1 81. Qe8+ Kh7 82. Qf7+ Kxh6 83. Qf4+ 1/2-1/2

[Event "Tradewise Gibraltar AmatWk2"]
[Site "Gibraltar"]
[Date "2018.01.28"]
[Round "2.3"]
[White "Kuenitz, Klaus"]
[Black "Prata, Jose"]
[Result "1-0"]
[WhiteElo "1767"]
[BlackElo "1895"]
[PlyCount "172"]
[EventDate "2018.01.27"]
[EventType "swiss"]
[EventRounds "5"]
[EventCountry "GGB"]

1. d4 d5 2. c4 c6 3. cxd5 cxd5 4. Nc3 Nf6 5. Nf3 Nc6 6. Bf4 Bf5 7. e3 e6 8. Bd3
Bxd3 9. Qxd3 Bd6 10. Bxd6 Qxd6 11. O-O O-O 12. Rfd1 a6 13. Rac1 b5 14. h3 h6
15. e4 dxe4 16. Nxe4 Nxe4 17. Qxe4 Nb4 18. a3 Nd5 19. Rc5 Rac8 20. Rdc1 Rxc5
21. dxc5 Qc7 22. b4 Rd8 23. g3 Rd7 24. Qe5 Qxe5 25. Nxe5 Rc7 26. Kf1 f6 27. Nf3
Kf7 28. Nd4 Ne7 29. Re1 e5 30. Nb3 Nd5 31. Rd1 Ke6 32. h4 Rc6 33. Rd3 f5 34. f4
Rc7 35. fxe5 Kxe5 36. Kf2 g5 37. Rd1 Nc3 38. Re1+ Ne4+ 39. Kf3 g4+ 40. Kg2 Rd7
41. c6 Rc7 42. Na5 h5 43. Rd1 Nd6 44. Kf2 Nc4 45. Rd7 Rc8 46. Nxc4+ bxc4 47. c7
Ke6 48. Rh7 c3 49. Ke2 Kd6 50. Rxh5 Rxc7 51. Kd1 c2+ 52. Kc1 Ke5 53. Rh6 a5 54.
b5 f4 55. gxf4+ Kxf4 56. b6 Rc3 57. b7 Rb3 58. Rh7 g3 59. Rg7 Kf3 60. Kxc2 a4
61. h5 g2 62. h6 Rxb7 63. Rxb7 g1=Q 64. h7 Qc5+ 65. Kb2 Qd4+ 66. Kc1 Qc3+ 67.
Kb1 Qe1+ 68. Kb2 Qd2+ 69. Kb1 Qd1+ 70. Kb2 Qd4+ 71. Kc2 Qc4+ 72. Kb2 Qe2+ 73.
Kc3 Kg4 74. Rg7+ Kf5 75. h8=Q Qe3+ 76. Kc4 Qb3+ 77. Kd4 Qb2+ 78. Kd5 Qb3+ 79.
Kc6 Qc4+ 80. Kb6 Qd4+ 81. Kb7 Qd5+ 82. Kb8 Qe5+ 83. Ka8 Qd5+ 84. Rb7 Qa5+ 85.
Kb8 Qa6 86. Qh5+ Kf6 1-0

[Event "Tradewise Gibraltar AmatWk2"]
[Site "Gibraltar"]
[Date "2018.01.28"]
[Round "2.4"]
[White "Pena, Helio Adelino Silva"]
[Black "Lopez Valcarcel, Juan"]
[Result "1/2-1/2"]
[WhiteElo "1894"]
[BlackElo "1780"]
[PlyCount "53"]
[EventDate "2018.01.27"]
[EventType "swiss"]
[EventRounds "5"]
[EventCountry "GGB"]

1. e4 c5 2. Nf3 d6 3. d4 cxd4 4. Nxd4 Nf6 5. Nc3 a6 6. Bd3 e6 7. h3 Nc6 8. Nf3
Be7 9. O-O Qc7 10. Re1 O-O 11. Bg5 b5 12. Qd2 Bb7 13. Ne2 Rad8 14. Qf4 Ne5 15.
Nxe5 dxe5 16. Qe3 Rd7 17. Bxf6 Bxf6 18. Ng3 Be7 19. Qe2 g6 20. h4 Bxh4 21. Qg4
Bxg3 22. Qxg3 Kg7 23. Re3 f6 24. Kh2 f5 25. exf5 exf5 26. Qxe5+ Qxe5+ 27. Rxe5
1/2-1/2

[Event "Tradewise Gibraltar AmatWk2"]
[Site "Gibraltar"]
[Date "2018.01.28"]
[Round "2.5"]
[White "Obiamiwe, Paul"]
[Black "Odiase, Oluwaseun"]
[Result "1/2-1/2"]
[WhiteElo "1891"]
[BlackElo "1768"]
[PlyCount "45"]
[EventDate "2018.01.27"]
[EventType "swiss"]
[EventRounds "5"]
[EventCountry "GGB"]

1. Nf3 d6 2. d4 g6 3. c4 Bg7 4. Nc3 e5 5. e4 Nc6 6. d5 Nce7 7. Be2 f5 8. Nd2
Nf6 9. f3 O-O 10. Nb3 Nh5 11. O-O f4 12. Bd2 g5 13. Be1 Ng6 14. c5 Rf7 15. Rc1
Bf8 16. Bf2 Nf6 17. cxd6 cxd6 18. Nb5 g4 19. Qe1 g3 20. hxg3 fxg3 21. Bxg3 Nh5
22. Bh2 Bh6 23. Rc2 1/2-1/2

[Event "Tradewise Gibraltar AmatWk2"]
[Site "Gibraltar"]
[Date "2018.01.28"]
[Round "2.6"]
[White "Cemborain Oricain, Alfonso"]
[Black "D'Haluin, Wim"]
[Result "1-0"]
[WhiteElo "1886"]
[BlackElo "1764"]
[PlyCount "108"]
[EventDate "2018.01.27"]
[EventType "swiss"]
[EventRounds "5"]
[EventCountry "GGB"]

1. e4 c5 2. Ne2 Nc6 3. g3 g6 4. Bg2 Bg7 5. O-O d6 6. c3 Rb8 7. d4 cxd4 8. cxd4
Nf6 9. d5 Ne5 10. Qa4+ Bd7 11. Qxa7 Nd3 12. Nbc3 O-O 13. h3 Nc5 14. Qa3 Qb6 15.
Be3 Ra8 16. Bxc5 dxc5 17. Qb3 Qxb3 18. axb3 Rfb8 19. Na4 Ra5 20. Nb6 Rb5 21.
Na4 b6 22. Ra3 Ne8 23. Nac3 Rb4 24. Ra7 Rd8 25. Nc1 Nd6 26. Re1 Bd4 27. Ra3 Nb5
28. Nxb5 Bxb2 29. Ra6 Rxb5 30. Bf1 Rb4 31. Nd3 Rxb3 32. Rb1 c4 33. Rxb2 Rxd3
34. Bxd3 cxd3 35. Kg2 b5 36. Rb6 Rc8 37. Rd2 Rc3 38. Rb7 Be8 39. Rb8 Kf8 40.
Kf3 f6 41. Ke3 Kf7 42. Rxd3 Rxd3+ 43. Kxd3 h5 44. f4 Bd7 45. Kd4 Bxh3 46. Rxb5
g5 47. fxg5 fxg5 48. e5 Bf5 49. Ke3 h4 50. gxh4 gxh4 51. Kf4 Bh3 52. Kg5 Bf1
53. Rb4 h3 54. Rf4+ Ke8 1-0

[Event "Tradewise Gibraltar AmatWk2"]
[Site "Gibraltar"]
[Date "2018.01.28"]
[Round "2.7"]
[White "Ashwani, Kumar Grover"]
[Black "Garcia-Blazquez Perez, Manuel"]
[Result "1-0"]
[WhiteElo "1752"]
[BlackElo "1877"]
[PlyCount "131"]
[EventDate "2018.01.27"]
[EventType "swiss"]
[EventRounds "5"]
[EventCountry "GGB"]

1. e4 c5 2. Nf3 Nc6 3. d4 cxd4 4. Nxd4 g6 5. Nc3 Bg7 6. Be3 Nf6 7. Nb3 O-O 8.
f3 d6 9. Qd2 Be6 10. O-O-O a5 11. a4 Nd7 12. g4 Bxc3 13. Qxc3 Nce5 14. Bd4 Rc8
15. Qe3 Qc7 16. Na1 Bc4 17. b3 Bxf1 18. Rdxf1 b5 19. axb5 a4 20. f4 Nxg4 21.
Qe2 e5 22. Bb2 Nc5 23. Qxg4 Nd3+ 24. Kb1 Nxb2 25. Rf3 a3 26. f5 Qa7 27. c3 Qd7
28. Qh4 f6 29. fxg6 hxg6 30. Rxf6 Rxf6 31. Qxf6 Qg4 32. Rf1 Nd1 33. Qf7+ Kh8
34. Nc2 a2+ 35. Kxa2 Nxc3+ 36. Kb2 Nd1+ 37. Ka2 Rxc2+ 38. Ka3 Rc8 39. b6 Ra8+
40. Kb4 Qxe4+ 41. Qc4 Qxc4+ 42. bxc4 Ne3 43. Rf7 Rb8 44. b7 Nc2+ 45. Kc3 Nd4
46. Rc7 Nc6 47. Rxc6 Rxb7 48. Rxd6 Kg7 49. Re6 Rb1 50. Rxe5 Rc1+ 51. Kb3 Rb1+
52. Kc2 Rb8 53. Re2 Kf6 54. Kc3 g5 55. c5 Kf5 56. Kc4 Kf4 57. c6 g4 58. Kc5 Kf3
59. Ra2 Rb1 60. Kd6 Rd1+ 61. Kc7 Rb1 62. Ra3+ Kf2 63. Kc8 Rc1 64. c7 Rb1 65.
Rd3 Rb2 66. Kd7 1-0

[Event "Tradewise Gibraltar AmatWk2"]
[Site "Gibraltar"]
[Date "2018.01.28"]
[Round "2.8"]
[White "Atakay, Mustafa"]
[Black "Mircov, Nicola-Alexandar"]
[Result "0-1"]
[WhiteElo "1874"]
[BlackElo "1754"]
[PlyCount "64"]
[EventDate "2018.01.27"]
[EventType "swiss"]
[EventRounds "5"]
[EventCountry "GGB"]

1. d4 Nf6 2. c4 c5 3. d5 e6 4. Nc3 exd5 5. cxd5 d6 6. g3 g6 7. Bg2 Bg7 8. Nf3
O-O 9. O-O Re8 10. Nd2 Nbd7 11. e4 a6 12. a4 Qc7 13. h3 Rb8 14. f4 b5 15. axb5
axb5 16. Qc2 c4 17. Nd1 Nc5 18. Nf2 Nfd7 19. Rb1 Qa7 20. Kh2 Qa2 21. Nd1 Ba6
22. Nc3 Qa5 23. Ne2 Nd3 24. Nf3 Rxe4 25. Bd2 Rxe2 26. Qxd3 cxd3 27. Bxa5 Rc8
28. Ng1 Rxb2 29. Rxb2 Bxb2 30. Rd1 Bc3 31. Bxc3 Rxc3 32. Bf1 b4 0-1

[Event "Tradewise Gibraltar AmatWk2"]
[Site "Gibraltar"]
[Date "2018.01.28"]
[Round "2.9"]
[White "Klementys, Jerzy"]
[Black "Lochte, Szilvia"]
[Result "0-1"]
[WhiteElo "1739"]
[BlackElo "1862"]
[PlyCount "86"]
[EventDate "2018.01.27"]
[EventType "swiss"]
[EventRounds "5"]
[EventCountry "GGB"]

1. d4 d5 2. c4 c6 3. Nc3 Nf6 4. Nf3 a6 5. a4 Bf5 6. e3 e6 7. Be2 a5 8. O-O h6
9. Ne5 Be7 10. c5 Qc7 11. Bd3 Bxd3 12. Qxd3 O-O 13. f4 Na6 14. Rf3 b6 15. cxb6
Qxb6 16. g4 Nb4 17. Qe2 Qa6 18. Qg2 Nd3 19. Rh3 Nxe5 20. dxe5 Nh7 21. g5 hxg5
22. fxg5 g6 23. e4 Qb6+ 24. Kh1 Qd8 25. Rxh7 Kxh7 26. Qh3+ Kg7 27. Qh6+ Kg8 28.
Bd2 Re8 29. Rf1 Bf8 30. Qh4 Bg7 31. Rf6 Rb8 32. exd5 Rxb2 33. Qf4 cxd5 34. Nb5
Rb1+ 35. Kg2 Qb6 36. Be3 Rb2+ 37. Kg3 Rb3 38. Kf2 Qxe3+ 39. Qxe3 Rxe3 40. Kxe3
Bxf6 41. exf6 Rc8 42. Nd6 Rc3+ 43. Kd2 Ra3 0-1

[Event "Tradewise Gibraltar AmatWk2"]
[Site "Gibraltar"]
[Date "2018.01.28"]
[Round "2.10"]
[White "Robson, Paul E"]
[Black "Sevillano Garcia, Joaquin"]
[Result "1-0"]
[WhiteElo "1857"]
[BlackElo "1751"]
[PlyCount "71"]
[EventDate "2018.01.27"]
[EventType "swiss"]
[EventRounds "5"]
[EventCountry "GGB"]

1. e4 e6 2. d4 d5 3. Nd2 Nf6 4. e5 Nfd7 5. Bd3 b6 6. Qe2 c5 7. c3 Nc6 8. Ngf3
cxd4 9. cxd4 Be7 10. a3 Bb7 11. Nb3 a5 12. Be3 O-O 13. O-O f5 14. exf6 Bxf6 15.
Rfe1 Re8 16. Rad1 e5 17. dxe5 Ndxe5 18. Nxe5 Bxe5 19. Bb5 a4 20. Bxc6 Bxc6 21.
Nd4 Bb7 22. Qd2 Bd6 23. Nf3 Bc5 24. Bd4 Qd7 25. Qg5 Bxd4 26. Nxd4 Rxe1+ 27.
Rxe1 Re8 28. Qd2 Ba6 29. h3 Bc4 30. Re3 Rxe3 31. Qxe3 b5 32. Qe5 h6 33. f4 Bd3
34. f5 Be4 35. Qb8+ Kh7 36. Ne6 1-0

[Event "Tradewise Gibraltar AmatWk2"]
[Site "Gibraltar"]
[Date "2018.01.28"]
[Round "2.11"]
[White "Francois-Haugrin, Said"]
[Black "Webel, Peter"]
[Result "1-0"]
[WhiteElo "1714"]
[BlackElo "1853"]
[PlyCount "55"]
[EventDate "2018.01.27"]
[EventType "swiss"]
[EventRounds "5"]
[EventCountry "GGB"]

1. e4 c5 2. Nf3 d6 3. d4 cxd4 4. Nxd4 Nf6 5. Nc3 a6 6. a4 e6 7. Be2 Be7 8. O-O
O-O 9. Be3 Nbd7 10. Nb3 b6 11. f4 Nc5 12. Nxc5 dxc5 13. e5 Ne8 14. Qxd8 Bxd8
15. a5 g6 16. axb6 Bxb6 17. Na4 Ba7 18. Bxc5 Bxc5+ 19. Nxc5 Nc7 20. b3 Nd5 21.
Bf3 Ra7 22. Bxd5 exd5 23. Rfd1 Rd8 24. Rd4 Rc7 25. b4 Rc6 26. c4 Be6 27. Rad1
Bg4 28. R1d2 1-0